000 00824nam a22002537a 4500
999 _c371216
_d371216
001 84867
003 UA-OsUOA
005 20200221154146.0
007 ta
008 20120611b un ||||| |||| 00| 0 ukr d
040 _aUA-OsUOA
_bukr
_cUA-OsUOA
_dUA-OsUOA
041 _aukr
080 _a821.161.2:09
090 _a821.161.2:09
_bЦ37
100 _aЦеневич М.
245 _aЗлощасний самоцвіт: повість козацьких часів
260 _aЛьвів
_bДобра книжка
_c1928
300 _a224 с.
650 7 _a09 Рукописи. Раритети і рідкісні видання
_2UDC
650 7 _a82 Література. Літературознавство
942 _cRB
_2udc
955 _a3